Muppets Most Wanted Quiz - Statistics

General Stats
  • This quiz has been taken 89 times
  • The average score is 7 of 16
Answer Stats
Hint Answer % Correct
1 Who is number one? Constantine
94%
2 What is Dominic Badguy’s villain name? The Lemur
86%
4 Who is the only one that knows that Kermit had been replaced by Constantine? Animal
69%
7 “We’re criminals at large, but I’m at ______ than you.” Larger
68%
5 What is the name of the prison Kermit is sent to when he is mistaken for Constantine? The Gulag
65%
11 Who is the first one (with the exception of #4) to find out that Kermit had been replaced? Walter
63%
9 Who do Sam and the French agent think did the crimes? The Muppets
54%
10 “The lovers, the dreamers, and ______…” Cheese
48%
16 What do they do to stop Constantine from flying away? Muppet Ladder
42%
6 What is the name of the Russian lady who is in love with Kermit? Nadya
29%
12 What is the name of the song in which Kermit and all of the other prisoners escape? Working In The Coal Mine
28%
15 What song do the Muppets sing at the end of the movie? Together Again, Again
17%
14 “A little _____ frog and a little ____ piggy,” Green pink
11%
3 What is the name of the French agent working with Sam the Eagle? Jean Pierre
11%
8 Who is the song artist that Miss Piggy keeps singing the songs of, and who later appears in a musical number with her? Selene Dion
3%
13 What is the first rule of double-cross? Never announce your double-cross before you double cross
2%
No matching quizzes found
Score Distribution
Percent of People with Each Score
Percentile by Number Answered
Your Score History
You have not taken this quiz